000
00268nam a2200109Ia 4500
008
210430s9999 xx 000 0 und d
082
_a
808 G722P
100
_a
Sir Ernest Gowers
_9
54554
245
_a
Plain Words
_c
Sir Ernest Gowers
300
_a
94
942
_c
BK
_2
ddc
999
_c
565174
_d
565174